[Event "Trelew Acevedo Cup"]
[Site "Trelew"]
[Date "2018.04.28"]
[Round "2"]
[White "Hualpa, Eduardo"]
[Black "Sommariva, Rene"]
[Result "0-1"]
[WhiteElo "1822"]
[BlackElo "1870"]
[PlyCount "55"]
[EventDate "2018.04.27"]
[EventType "swiss"]
[EventRounds "7"]
[EventCountry "ARG"]
[SourceTitle "CBM 184 Extra"]
[Source "ChessBase"]
[SourceDate "2018.06.28"]
[SourceVersion "1"]
[SourceVersionDate "2018.06.28"]
[SourceQuality "1"]

1. d4 Nf6 2. Nf3 d5 3. Bf4 e6 4. e3 c5 5. Nbd2 Qb6 6. Rb1 Nc6 7. c3 cxd4 8. exd4 Be7 9. Bd3 Nh5 10. Be3 Qc7 11. 0-0 Nf4 12. Bc2 Ng6 13. b4 f5 14. Bg5 Bd6 15. b5 Na5 16. Nb3 Nc4 17. Bc1 0-0 18. Ng5 Bxh2+ 19. Kh1 Bf4 20. Nc5 Rf6 21. Nh3 Bxc1 22. Rxc1 Nf4 23. Qf3 Nxh3 24. gxh3 Nd2 25. Qg2 Rg6 26. Qh2 Qxh2+ 27. Kxh2 Nxf1+ 28. Rxf1 0-1

[Event "Trelew Acevedo Cup"]
[Site "Trelew"]
[Date "2018.04.27"]
[Round "1"]
[White "Tisera, Nicolas"]
[Black "Hualpa, Eduardo"]
[Result "1/2-1/2"]
[WhiteElo "2080"]
[BlackElo "1822"]
[PlyCount "30"]
[EventDate "2018.04.27"]
[EventType "swiss"]
[EventRounds "7"]
[EventCountry "ARG"]
[SourceTitle "CBM 184 Extra"]
[Source "ChessBase"]
[SourceDate "2018.06.28"]
[SourceVersion "1"]
[SourceVersionDate "2018.06.28"]
[SourceQuality "1"]

1. Nf3 Nf6 2. d4 g6 3. Bf4 Bg7 4. Nc3 d5 5. h3 0-0 6. e3 c6 7. Be2 Nbd7 8. Qd3 Re8 9. g4 Qa5 10. 0-0 b5 11. a3 Qb6 12. Bh2 a5 13. Rfe1 Ba6 14. b4 axb4 15. axb4 Bb7 1/2-1/2